| 000 | 00864nam a2200265 i 4500 | ||
|---|---|---|---|
| 001 | bg | ||
| 100 | 1 | _aKOMORZYCKI, Cyprian | |
| 245 | 1 | 0 |
_aPodstawy statyki i wytrzymałości materiałów dla inżynierów / _cCyprian Komorzycki, Andrzej Teter ; Politechnika Lubelska. Wydział Mechaniczny. |
| 260 |
_aLublin : _bWydaw. PL, _c2000. |
||
| 300 |
_a373 s. : _bil. ; _c24 cm. |
||
| 500 | _aTyt. okł.: Podstawy statyki i wytrzymałości materiałów. | ||
| 504 | _aBibliogr. | ||
| 650 | 9 | _aStatyka | |
| 650 | 9 | _aWytrzymałość materiałów | |
| 655 | _aPodręczniki akademickie | ||
| 700 | 1 | _aTETER, Andrzej | |
| 710 | 0 |
_aPolitechnika Lubelska _bWydział Mechaniczny |
|
| 020 | _a8388110969 | ||
| 040 | _cBPK | ||
| 041 | 0 | _apl | |
| 080 | _a531.2:620.17](075.8) | ||
| 920 | _a83-88110-96-9 | ||
| 942 | _cKS | ||
| 008 | s pl f |000 0 pol | ||
| 999 |
_c38817 _d38817 |
||
| 856 |
_uhttp://koha.tu.koszalin.pl/cgi-bin/koha/opac-detail.pl?biblionumber=38817 _yKatalog online BPK |
||